书目信息 |
| 题名: |
金发姑娘和三只熊
|
|
| 作者: | 艾尔斯沃斯 文 ;麦克林托克 , 杨玲玲 , 彭懿 绘 | |
| 分册: | ||
| 出版信息: | 乌鲁木齐 新疆青少年出版社 2017 |
|
| 页数: | 1册 | |
| 开本: | 27cm | |
| 丛书名: | ||
| 单 册: | ||
| 中图分类: | I712.85 | |
| 科图分类: | ||
| 主题词: | 图画故事--美国--现代 | |
| 电子资源: | ||
| ISBN: | 978-7-5590-1228-9 | |
| 000 | 01019nam0 2200265 450 | |
| 001 | 5436 | |
| 005 | 20180528203335.70 | |
| 010 | @a978-7-5590-1228-9@b精装@dCNY36.00 | |
| 100 | @a20171018d2017 bemy0chiy50 ea | |
| 101 | 1 | @achi@ceng |
| 102 | @aCN@b650000 | |
| 105 | @aa z 000fy | |
| 200 | 1 | @a金发姑娘和三只熊@9jin fa gu niang he san zhi xiong@dGoldilocks and the three bears@f(美)吉姆·艾尔斯沃斯文@g(美)芭芭拉·麦克林托克绘@g杨玲玲,彭懿译@zeng |
| 210 | @a乌鲁木齐@c新疆青少年出版社@d2017 | |
| 215 | @a1册@d27cm | |
| 300 | @a芭芭拉·麦克林托克经典绘本 北京市绿色印刷工程——优秀青少年读物绿色印刷示范项目 | |
| 510 | 1 | @aGoldilocks and the three bears@zeng |
| 606 | 0 | @a图画故事@y美国@z现代 |
| 690 | @aI712.85@v5 | |
| 701 | 0 | @c(美)@a艾尔斯沃斯@9ai er si wo si@c(Aylesworth, Jim)@4文 |
| 702 | 0 | @c(美)@a麦克林托克@9mai ke lin tuo ke@c(McClintock, Barbara)@4绘 |
| 702 | 0 | @a杨玲玲@9yang ling ling@4译 |
| 702 | 0 | @a彭懿@9peng yi@4译 |
| 801 | 0 | @aCN@b91MARC@c20171018 |
| 905 | @aMuseLib@dI712.85@e1078 | |
| 金发姑娘和三只熊=Goldilocks and the three bears/(美)吉姆·艾尔斯沃斯文/(美)芭芭拉·麦克林托克绘/杨玲玲,彭懿译.-乌鲁木齐:新疆青少年出版社,2017 |
| 1册;27cm |
| 芭芭拉·麦克林托克经典绘本 北京市绿色印刷工程——优秀青少年读物绿色印刷示范项目 |
| ISBN 978-7-5590-1228-9(精装):CNY36.00 |
| ● |
| 相关链接 |
|
|
|
|
正题名:金发姑娘和三只熊
索取号:I712.85/1078
 
预约/预借
| 序号 | 登录号 | 条形码 | 馆藏地/架位号 | 状态 | 备注 |
| 1 | 1113274 | 211132745 | 第一样本阅览室/ [索取号:I712.85/1078] | 在馆 | |
| 2 | 1113275 | 211132754 | 教育系资料室/ [索取号:I712.85/1078] | 在馆 | |
| 3 | 1113276 | 211132763 | 教育系资料室/ [索取号:I712.85/1078] | 在馆 | |
| 4 | 1113277 | 211132772 | 第二借阅区/ [索取号:I712.85/1078] | 在馆 |